Instrumentación y control de plantas químicas
Saved in:
| Hovedforfatter: | |
|---|---|
| Andre forfattere: | |
| Format: | Bog |
| Sprog: | engelsk |
| Udgivet: |
Madrid, España
Síntesis, S.A.
2012
|
| Serier: | Manuales de Química
|
| Fag: | |
| Tags: |
Tilføj Tag
Ingen Tags, Vær først til at tagge denne postø!
|
MARC
| LEADER | 00000cam a2200000 a 4500 | ||
|---|---|---|---|
| 003 | CL-VaPUC | ||
| 005 | 20250107102350.0 | ||
| 008 | 200911b ||||| |||| 00| 0 eng d | ||
| 999 | |c 374323 |d 374321 | ||
| 020 | |a 9788497563345. | ||
| 040 | |c Pontificia Universidad Católica de Valparaíso | ||
| 082 | |a 660.2815 OLL 2012 | ||
| 100 | |a Ollero de Castro, Pedro |e autor |9 498375 | ||
| 245 | |a Instrumentación y control de plantas químicas | ||
| 260 | |a Madrid, España |b Síntesis, S.A. |c 2012 | ||
| 300 | |a 548 páginas | ||
| 440 | |a Manuales de Química |9 857092 | ||
| 583 | |c 20200912 | ||
| 650 | |a INGENIERIA QUIMICA |9 8 | ||
| 650 | 0 | |a Automatización de procesos industriales |9 600111 | |
| 650 | |a PLANTAS QUIMICAS |x INSTRUMENTACION |9 857093 | ||
| 700 | |a Fernández Camacho, Eduardo |9 857094 | ||
| 852 | |a BIBCUR | ||
| 942 | |2 ddc |c BK | ||
| 952 | |0 0 |1 0 |3 erb |4 0 |6 660_281500000000000_OLL_2012 |7 0 |8 A |9 490744 |a BIBING |b BIBING |i 5510082 |o 660.2815 OLL 2012 |p 5510082 |r 2025-01-20 |w 2019-11-24 |y BK |z Catalogado en:20181026 |k EIB | ||
| 952 | |0 0 |1 0 |3 erb |4 0 |6 660_281500000000000_OLL_2012 |7 0 |8 A |9 492825 |a BIBING |b BIBING |i 5545536 |o 660.2815 OLL 2012 |p 5545536 |r 2025-01-20 |w 2019-11-24 |y BK |z Catalogado en:20190505 |k EIB | ||
| 952 | |0 0 |1 0 |3 erb |4 0 |6 660_281500000000000_OLL_2012 |7 0 |8 A |9 492826 |a BIBING |b BIBING |d 2019-09-11 |e 2 |g 64333.00 |i 5550424 |o 660.2815 OLL 2012 |p 5550424 |r 2025-01-20 |v 64333.00 |w 2019-11-24 |y BK |z Catalogado en:20190531 |k EIB | ||